Central Library OPAC University of Rajshahi

Plant tissue culture : (Record no. 36836)

MARC details
000 -LEADER
fixed length control field 00811nam a2200241 4500
001 - CONTROL NUMBER
control field 36836
003 - CONTROL NUMBER IDENTIFIER
rucl marc code BD-RjUL
005 - DATE AND TIME OF LATEST TRANSACTION
control field 20211209052541.0
008 - FIXED-LENGTH DATA ELEMENTS--GENERAL INFORMATION
fixed length control field 140915r20092005ii a|||| b||| 001 0 eng d
020 ## - INTERNATIONAL STANDARD BOOK NUMBER
International Standard Book Number 8173714886 (pbk.)
035 ## - SYSTEM CONTROL NUMBER
System control number (BD-RjUL)
040 ## - CATALOGING SOURCE
Original cataloging agency BD-RjUL
Language of cataloging eng
Transcribing agency BD-RjUL
041 ## - LANGUAGE CODE
Language code of text/sound track or separate title eng
082 ## - DEWEY DECIMAL CLASSIFICATION NUMBER
Edition number 22
Classification number 571.538
100 ## - MAIN ENTRY--PERSONAL NAME
Personal name Jha, Timir Baran.
9 (RLIN) 112361
245 ## - TITLE STATEMENT
Title Plant tissue culture :
Remainder of title basic and applied /
Statement of responsibility, etc. Timir Baran Jha, Biswajit Ghosh.
260 ## - PUBLICATION, DISTRIBUTION, ETC. (IMPRINT)
Place of publication, distribution, etc. Hyderabad ;
-- [Great Britain] :
Name of publisher, distributor, etc. Universities Press,
Date of publication, distribution, etc. c2005 [Reprinted 2009]
300 ## - PHYSICAL DESCRIPTION
Pagination x, 206 p. [8] p. of plates :
Illustrations ill. (some col.) ;
Accompanying material 24 cm.
504 ## - BIBLIOGRAPHY, ETC. NOTE
Bibliography, etc Includes bibliographical references and index.
650 ## - SUBJECT ADDED ENTRY--TOPICAL TERM
Topical term or geographic name as entry element Plant tissue culture
9 (RLIN) 112362
700 ## - ADDED ENTRY--PERSONAL NAME
Personal name Ghosha, Biśvajit̲.
942 ## - ADDED ENTRY ELEMENTS (KOHA)
Source of classification or shelving scheme Dewey Decimal Classification
Koha item type Books
Holdings
Lost status Source of classification or shelving scheme Damaged status Not for loan Permanent Location Current Location Shelving location Date acquired Cost, normal purchase price Total Checkouts Full call number Date last seen Copy number Koha item type
  Dewey Decimal Classification   Not For Loan Institute of Biological Sciences (IBSc) Library Institute of Biological Sciences (IBSc) Library   15/09/2014 530.00   571.538 JHP 2009 15/09/2014 C-1 Books